01274nam a2200325Ia 4500001001200000003000800012006001900020007001500039008004100054010001700095020001500112020002200127040002100149035002100170050002500191082001900216100003000235245008400265260003500349300001700384504005100401533015200452650005700604650004200661650005400703655002900757710001700786856012600803999001900929ebr10053899CaPaEBRm u cr cn|||||||||000818s2001 nyu sb 001 0 eng d z 00045023  z0203478916 z0419257500 (pbk.) aCaPaEBRcCaPaEBR a(OCoLC)56000415314aNA2750b.B735 2001eb04a721/.068/82211 aBrown, Stephen A.,d1953-10aCommunication in the design processh[electronic resource] /cStephen A. Brown. aNew York :bSpon Press,c2001. aviii, 164 p. aIncludes bibliographical references and index. aElectronic reproduction.bPalo Alto, Calif. :cebrary,d2006.nAvailable via World Wide Web.nAccess may be limited to ebrary affiliated libraries. 0aCommunication in architectural designvCase studies. 0aArchitects and patronsvCase studies. 0aArchitectural practicexManagementvCase studies. 7aElectronic books.2local2 aebrary, Inc.40uhttp://site.ebrary.com/lib/rucke/Doc?id=10053899zAn electronic book accessible through the World Wide Web; click to view c178336d178336